000 01122nam a22003137a 4500
003 CHAP
005 20220329143543.0
008 100519s1990 mx a r 00010 spa d
010 _a98464
011 _a99436
035 _a110122
040 _cCHAP
082 0 4 _a025.3412
_bG16
100 1 _aGarcía Martínez, José Carmen.
_946269
245 1 0 _aTraducción del codice borbonico :
_blaminas uno, dos y tres
_c/por José Carmen García Martínez
260 _aChapingo, Méx. :
_bUACH. Dirección Academica,
_c[1990]
300 _a52 p. :
_bilus.
590 _aBATCH-UPD
_b10
_c20130110
_lUCH01
_h1020
590 _aBATCH-UPD
_b10
_c20130410
_lUCH01
_h0626
590 _aBATCH-UPD
_b10
_c20130914
_lUCH01
_h1044
590 _aCONVERSION
_b10
_c20130109
_lUCH01
_h1354
650 1 4 _aCódices.
_927680
650 1 4 _aManuscritos.
_970726
901 _aBK
942 _cLIBRO
949 _a025.3412 G16
_bBC
_cLIBRO
_d33724002169736
_eLIBRO
_fc.2
_h112628
_i110122
_sb
949 _a025.3412 G16
_bBC
_cLIBRO
_d33724002169777
_eLIBRO
_h112627
_i110122
_sb
949 _a025.3412 G16
_bBC
_cLIBRO
_d33724002169819
_eLIBRO
_fc.3
_h112629
_i110122
_sb
999 _c98464
_d98464